Statistics for Henry VII

Click here to take the quiz!

General Stats

  • This quiz has been taken 17 times
  • The average score is 17 of 62

Answer Stats

QuestionAnswer% Correct
What were Henry's main aims in foreign policy?To consolidate his power/influence and build a dynasty
86%
What year was the Battle of Bosworth?1485
64%
When was the Treaty of Etaples?1492
57%
When was the Magnus Intercursus?1496
50%
When was the Malus Intercursus?1506
50%
How much was the French Pension paid per annum?50,000 crowns
50%
How much money did Henry ask Parliament for in 1504?90,000
50%
When was the Treaty of Redon?1489
43%
When was the Medina Del Campo?1489
43%
When was the Treaty of Windsor?1506
43%
Why were some other northern counties exempt from the extra tax?They were expected to fight the Scots
43%
How much money was handled by the King's council by the late 1490s?100,000
36%
When did the Earl of Kildare recognise Perkin Warbeck's claim to the throne?1492
36%
When was Poynings' Law introduced?1494
36%
When was the Peace of Ayton?1502
36%
When was the League of Cambrai?1508
36%
How much money did Parliament actually give him?40,000
36%
What % of Henry's annual income was made up of the French Pension?5%
36%
What was the Act of Resumption?All crown lands given out since 1455 to be returned to the King
36%
Which of Henry's children was married off to the King of Scotland?Margaret
36%
What was the cause of the Yorkshire Rebellion?too many taxes
36%
How many Acts of Attainder were passed against Henry's nobility138
29%
When was the Act of Resumption?1486
29%
When did Henry's daughter marry the King of Scotland?1503
29%
How many peers were there at the end of Henry's reign?35
29%
Who was involved in the Treaty of Windsor?Henry VII, Philip of Burgundy
29%
Why would the King not go back on the taxes?He wanted to assert his authority and he believed in protecting Brittany
29%
What happened to the spokesperson when he returned with nothing?He was murdered
29%
How many of the remaining peers were 'major' peers?10
21%
How much money did Henry loan to Philip of Burgundy in 1505?138,000
21%
When was the Lovell and Stafford rebellion?1486
21%
When was the Marquis of Dorset signed into a Bond and Recognisance?1491
21%
When was the Cornish Rebellion?1497
21%
How many of these Parliaments were called in the first 10 years of his reign?5
21%
How many Parliaments did Henry call throughout his reign?6
21%
How much money did Henry make from duties every year?70,000
21%
How many troops were raised in the Lambert Simnel affair?8,000
21%
What was the main cause of the rebellion?anger at taxes
21%
When was the Royal Progress?April 1486
21%
Who defeated the rebels?The Earl of Surrey
21%
How was this rebellion stopped?The rebel leaders were killed and the others dispersed
21%
How much money was agreed in the Marquis of Dorset's Bond and Recognisance?10,000
14%
When was the Lambert Simnel Threat?1486 - 1487
14%
What year was the Battle of Stoke1487
14%
When was the Yorkshire Rebellion?1489
14%
What year did Henry loan money to HRE Maximillian?1505 - 1509
14%
How many Justices of the Peace were appointed to each county?18
14%
How much money total did Henry borrow from his richer subjects?203,000
14%
How much money was made from crown lands at the end of Henry's reign? (per year)40,000
14%
How many peers were there at the start of Henry's reign?50
14%
Who was the original spokesperson for the rebels?Henry Percy, Earl of Northumberland
14%
What was the cause of the Lovell and Stafford rebellion?political discontent
14%
Which is NOT a reason why this rebellion was dangerous for Henry?They had learnt how to effectively use weapons
14%
When was Prince Arthur born?1486
7%
When was Elizabeth of York coronated?1487
7%
How much money was made from crown lands at the start of Henry's reign? (per year)22,000
7%
How many people were appointed to the Order of the Garter?37
7%
What % of cases brought to the Council of the Star Chamber were about rioting?59
7%
How much money was made from feudal obligations in 1507?6,000
7%
How much money was in the French Pension?745,000 crowns
7%
Who then led the rebels?John Egremont
7%
How was this rebellion linked to pretenders to the throne?They were fighting in the name of Lambert Simnel
7%

Score Distribution

Percentile by Number Answered

Percent of People with Each Score

Your Score History

You have not taken this quiz